Matematika II : diferenciální rovnice : diferenciální počet funkcí více proměnných /

Hlavní autor: Nekvinda, Miloslav, 1930-
Korporativní autor: Technická univerzita v Liberci. Katedra matematiky a didaktiky matematiky
Jazyk: Čeština
Vydáno: Liberec : Technická univerzita v Liberci, 2000
Vydání: Vyd. 2.
Témata:
Fyzický popis: 104 s. ; 21 cm
Knihy
Uloženo v:
LEADER 01410nam a2200373 a 4500
001 000597725
003 CZ BrMZK
005 20081217094353.0
007 ta
008 020502s2000 xr e p cze d
015 |a cnb001112633 
020 |a 80-7083-570-2 
035 |a (OCoLC)51185324 
040 |a BOA001  |b cze 
072 7 |a 517  |x Matematická analýza  |2 Konspekt  |9 13 
072 7 |a 37.016  |x Učební osnovy. Vyučovací předměty. Učebnice  |2 Konspekt  |9 22 
080 |a 51  |2 MRF 
080 |a 517.9  |2 MRF 
080 |a 517.2  |2 MRF 
080 |a (075.8)  |2 MRF 
100 1 |a Nekvinda, Miloslav,  |d 1930-  |7 jk01083012  |4 aut 
245 1 0 |a Matematika II :  |b diferenciální rovnice : diferenciální počet funkcí více proměnných /  |c Miloslav Nekvinda 
250 |a Vyd. 2. 
260 |a Liberec :  |b Technická univerzita v Liberci,  |c 2000 
300 |a 104 s. ;  |c 21 cm 
504 |a Obsahuje bibliografii 
650 0 7 |a matematika  |7 ph117231  |2 czenas 
650 0 7 |a diferenciální rovnice  |7 ph119444  |2 czenas 
650 0 7 |a diferenciální počet funkcí více proměnných  |7 ph135786  |2 czenas 
655 7 |a učebnice vysokých škol  |7 fd133772  |2 czenas 
710 2 |a Technická univerzita v Liberci.  |b Katedra matematiky a didaktiky matematiky  |7 kn20010709108 
910 |a BOA001  |b 2-1102.746 
990 |a BK 
996 6 |b 2610160449  |c 2-1102.746  |l MZK  |r Sklad / do 1 hodiny  |n 4  |p p.v.  |w 000597725  |u 000010  |a 1  |e BOA001  |j MZK50  |s P